Ultimate Mario Characters Quiz - Statistics

General Stats
  • This quiz has been taken 232 times
  • The average score is 18 of 26
Answer Stats
Description Character % Correct
The red-hatted plumber who uses power-ups to rescue the princess. Mario
99%
The green-hatted plumber who is the brother of above. Luigi
95%
The main villain of the franchise who has a spiky shell and breathes fire. Bowser
91%
The arch-rival of the above ^^^ (almost like an alter-ego). Wario
90%
The arch-rival of the above ^^^ (almost like an alter-ego). Waluigi
88%
The ape who throws barrels at the protagonists to try to knock them off a platform. Donkey Kong
86%
The mushroom-capped person that always says "The princess is in another castle!" Toad
86%
The princess who constantly gets captured at the main villain's fortress. Princess Peach
85%
Everyone's favorite green dinosaur who can grab things with his long tongue. Yoshi
82%
The female version of above ^^^ Toadette
80%
The child of above ^^^ Diddy Kong
77%
The princess who is the monarch of Sarasaland and is speculated to be Luigi's love interest. Daisy
76%
The ghost enemy found in haunted mansions who turns away when you look at it. Boo
72%
The brown mushroom who has been a staple of common villains in the Mario franchise. Goomba
68%
The adoptive mother of a star named Lumas and wears a blue dress. Rosalina
67%
The turtle-like creature that hides in its shell when you jump on it. You can then kick it around. Koopa Troopa
66%
The skeleton variant of above ^^^ (collapses when you jump on it but will put itself back together). Dry Bones
59%
The plant-like creature that comes out of pipes and some even shoot fire. Piranha Plant
55%
The turtle-like creature with a cloud that throws shells and objects at you. Lakitu
47%
The seven Koopalings. Iggy
44%
The seven Koopalings. Ludwig
43%
The seven Koopalings. Lemmy
42%
The seven Koopalings. Wendy
42%
The seven Koopalings. Larry
41%
The seven Koopalings. Morton
41%
The seven Koopalings. Roy
41%
No matching quizzes found
Score Distribution
Percent of People with Each Score
Percentile by Number Answered
Your Score History
You have not taken this quiz